[Event "13th London Classic 2023"]
[Site "London ENG"]
[Date "2023.12.05"]
[Round "5.3"]
[White "McShane, Luke J"]
[Black "Vitiugov, Nikita"]
[Result "1/2-1/2"]
[WhiteTitle "GM"]
[BlackTitle "GM"]
[WhiteElo "2626"]
[BlackElo "2712"]
[WhiteFideId "404853"]
[BlackFideId "4152956"]
[EventDate "2023.12.01"]

1. e4 c5 2. Nf3 d6 3. Bb5+ Nd7 4. Ba4 Nf6 5. d3 e6 6. c4 Be7 7. Nc3 O-O 8. O-O
a6 9. Ne1 d5 10. Qe2 b5 11. Bc2 d4 12. Nd1 e5 13. f4 exf4 14. Bxf4 Bb7 15. Nf2
Re8 16. Nf3 Nf8 17. Bb3 Ng6 18. Bd2 b4 19. Ba4 Rf8 20. Rae1 Bd6 21. Bg5 Bf4 22.
Bxf4 Nxf4 23. Qd2 Ng6 24. e5 Nd7 25. Ne4 Nb6 26. Bd1 Nd7 27. Ba4 Nb6 28. Bd1 Nd7
29. Ba4 1/2-1/2

[Event "13th London Classic 2023"]
[Site "London ENG"]
[Date "2023.12.05"]
[Round "5.5"]
[White "Tabatabaei, M. Amin"]
[Black "Niemann, Hans Moke"]
[Result "1/2-1/2"]
[WhiteTitle "GM"]
[BlackTitle "GM"]
[WhiteElo "2694"]
[BlackElo "2659"]
[WhiteFideId "12521213"]
[BlackFideId "2093596"]
[EventDate "2023.12.01"]

1. d4 Nf6 2. c4 e6 3. Nc3 Bb4 4. Qc2 O-O 5. e4 d5 6. e5 Ne4 7. Bd3 c5 8. Ne2
cxd4 9. Nxd4 Nd7 10. Bf4 Qh4 11. g3 Qh5 12. O-O g5 13. cxd5 gxf4 14. dxe6 Nxc3
15. exd7 fxg3 16. hxg3 Bxd7 17. bxc3 Rac8 18. Bf5 Bxc3 19. Qd1 Qxd1 20. Raxd1
Rc4 21. Bxd7 Rxd4 22. Rxd4 Bxd4 23. e6 fxe6 24. Bxe6+ Kg7 25. Kg2 b5 26. f4 Re8
27. Bb3 a5 28. Rd1 Rd8 29. a4 b4 30. g4 Bb6 31. Rxd8 Bxd8 1/2-1/2